[Event "1st WMSG Blitz Team"]
[Site "Beijing CHN"]
[Date "2008.10.13"]
[Round "1"]
[White "Friedel,J"]
[Black "Gundavaa,B"]
[Result "1-0"]
[WhiteElo "2498"]
[BlackElo "2458"]

1.Nf3 c5 2.c4 b6 3.g3 Bb7 4.Bg2 Nf6 5.O-O g6 6.Nc3 Bg7 7.d4 cxd4 8.Qxd4 d6
9.Rd1 Nbd7 10.b3 O-O 11.Bb2 a6 12.Rac1 Rc8 13.Nd5 e5 14.Nxf6+ Bxf6 15.Qxd6 Bc6
16.Ne1 Be7 17.Qd2 Bxg2 18.Nxg2 Rc7 19.Ne3 Bg5 20.Qd3 Qe8 21.Nd5 Rb7 22.e3 Qe6
23.f4 Bh6 24.Qe4 Bg7 25.Rf1 Nc5 26.Qg2 Nd3 27.Ba1 Nxc1 28.Rxc1 Rd7 29.Rf1 b5
30.e4 bxc4 31.bxc4 Rc8 32.f5 Qd6 33.Qe2 Qc5+ 34.Kh1 Qxc4 35.Qf2 Qxe4+ 36.Qg2 Qxg2+
37.Kxg2 Rxd5 38.f6 Bf8 39.Re1 Rc2+ 40.Kf3 Rxa2 41.Ke4 Rb5 42.Bxe5 Ra4+ 43.Kf3 Rb3+
44.Kg2 Ra2+ 45.Kh3 a5 46.Rd1 Re3 47.Bf4 Re8 48.Rd7 a4 49.Ra7 a3 50.Kg4 h5+
51.Kg5 Rxh2 52.g4 hxg4 53.Bxh2 Re2 54.Bf4 a2 55.Ra8 Kh7 56.Kxg4 Bh6 57.Bxh6 Rg2+
58.Kf3 Rh2 59.Bg7 Rh3+ 60.Kg2 Rc3 61.Rh8+  1-0

[Event "TCh-AUT 2nd Bundesliga West 2008-9"]
[Site "Austria AUT"]
[Date "2008.10.17"]
[Round "1"]
[White "Webersberger,J"]
[Black "Ljubic,J"]
[Result "1-0"]
[WhiteElo "2282"]
[BlackElo "2222"]

1.Nf3 c5 2.c4 b6 3.g3 Bb7 4.Bg2 Nf6 5.O-O g6 6.d4 cxd4 7.Qxd4 Bg7 8.Nc3 Qc8
9.Rd1 Nc6 10.Qh4 Na5 11.Bh6 O-O 12.b3 d6 13.h3 Qc5 14.g4 Rad8 15.Ng5 Bxg2
16.Kxg2 Qe5 17.Rac1 Rfe8 18.Bxg7 Kxg7 19.Rd5  1-0

[Event "24th ECC"]
[Site "Kallithea GRE"]
[Date "2008.10.17"]
[Round "1"]
[White "Svidler,P"]
[Black "Hermansson,E"]
[Result "1-0"]
[WhiteElo "2727"]
[BlackElo "2423"]

1.Nf3 Nf6 2.c4 b6 3.g3 c5 4.Bg2 Bb7 5.O-O g6 6.d4 cxd4 7.Qxd4 Bg7 8.Nc3 d6
9.Be3 Nbd7 10.Rac1 Rc8 11.b3 a6 12.Bh3 O-O 13.Qh4 Rc7 14.Rfd1 Re8 15.g4 Qa8
16.Nd2 e6 17.g5 Nh5 18.Nde4 d5 19.Nd6 dxc4 20.Nxe8 Qxe8 21.Ne4 Qa8 22.Nc3 Qe8
23.Ne4 Bxe4 24.Qxe4 c3 25.Bg2 b5 26.Rd6 Qc8 27.Qa8 Qxa8 28.Bxa8 Be5 29.Rxa6 Nf4
30.Kf1 Nd5 31.Bxd5 exd5 32.Ra8+ Kg7 33.f4 d4 34.fxe5 dxe3 35.Ra5 Nxe5 36.Rxb5 Ng4
37.Rb4  1-0

[Event "Ugra Cup"]
[Site "Khantiy Mansiysk RUS"]
[Date "2008.10.18"]
[Round "4"]
[White "Obukhov,A"]
[Black "Alikhanov,F"]
[Result "1/2-1/2"]
[WhiteElo "2436"]
[BlackElo "2438"]

1.Nf3 Nf6 2.c4 b6 3.g3 c5 4.Bg2 Bb7 5.O-O g6 6.b3 Bg7 7.Bb2 e6 8.e3 O-O 9.Nc3 Na6
10.d4 d5 11.cxd5 exd5 12.Rc1 Qe7 13.Ne5 Rfd8 14.Na4 Rac8 15.dxc5 bxc5 16.Nd3 Ne4
17.Bxg7 Kxg7 18.Nf4 Nf6 19.Re1 h5 20.Qe2 h4 21.Qb2 hxg3 22.hxg3 Kf8 23.Nd3 Bc6
24.Naxc5 Nxc5  1/2-1/2

[Event "24th ECC"]
[Site "Kallithea GRE"]
[Date "2008.10.20"]
[Round "4"]
[White "Maki Uuro,Mi"]
[Black "Nemeth,Mi1"]
[Result "1/2-1/2"]
[WhiteElo "2382"]
[BlackElo "2479"]

1.Nf3 Nf6 2.c4 b6 3.g3 c5 4.Bg2 Bb7 5.O-O g6 6.Nc3 Bg7 7.d4 cxd4 8.Qxd4 d6
9.Rd1 O-O 10.Qh4 Nbd7 11.Bh6 Rc8 12.b3 a6 13.Rac1 Rc5 14.Bxg7 Kxg7 15.Ne1 Bxg2
16.Nxg2 b5 17.Nd5 bxc4  1/2-1/2

[Event "92nd ch-Marshall CC"]
[Site "New York USA"]
[Date "2008.10.25"]
[Round "7"]
[White "Korley,K"]
[Black "Figler,I"]
[Result "1/2-1/2"]
[WhiteElo "2082"]
[BlackElo "2322"]

1.Nf3 Nf6 2.c4 b6 3.g3 Bb7 4.Bg2 c5 5.O-O g6 6.Nc3 Bg7 7.d4 cxd4 8.Nxd4 Bxg2
9.Kxg2 Qc7 10.b3 Qb7+ 11.Kg1 d5 12.cxd5 Nxd5 13.Bb2 Na6 14.Nxd5 Qxd5 15.Qd3 Nb4
16.Qc3 Bxd4 17.Qxd4 Qxd4 18.Bxd4 O-O 19.Rac1 Rfd8 20.Be3 Rac8 21.Rfd1 Rxc1
22.Rxc1 Nd5 23.Bh6 f5 24.f3 Kf7 25.Kf2 Rd7 26.Rd1 Ke6 27.a4 Rc7 28.Rc1 Kd6
29.Rxc7 Kxc7 30.Bg7 Kd6 31.e4 fxe4 32.fxe4 Nf6 33.Bxf6 exf6 34.Ke3 Kc5 35.Kf4 a5
36.g4 Kd6 37.h4 h6 38.Ke3 Ke5 39.Kf3 Ke6 40.Ke3 Ke5 41.Kf3 h5 42.gxh5 gxh5
43.Ke3 f5  1/2-1/2

[Event "ch-BRA s/f"]
[Site "Dois Irmaos BRA"]
[Date "2008.11.01"]
[Round "6"]
[White "Jatoba de Oliveira Reis,P"]
[Black "Santos Neto,F"]
[Result "1-0"]
[WhiteElo "2332"]
[BlackElo "2216"]

1.Nf3 Nf6 2.g3 b6 3.Bg2 Bb7 4.O-O g6 5.c4 c5 6.b3 Bg7 7.Bb2 O-O 8.d4 cxd4
9.Qxd4 Nc6 10.Qh4 a6 11.Nc3 h6 12.Nd5 g5 13.Qh3 Nh7 14.Bxg7 Kxg7 15.Ne3 e6
16.Ng4 f5 17.Qxh6+ Kh8 18.Nge5 Nxe5 19.Nxe5 Rf6 20.Bxb7 Rxh6 21.Nf7+ Kg7
22.Nxd8 Rxd8 23.Bxa6 Nf6 24.f3 d5 25.a4 dxc4 26.Bxc4 e5 27.Rad1 Rdh8 28.Rf2 e4
29.Rd6 e3 30.Rg2 Re8 31.Kf1 Rhh8 32.Ke1 Rb8 33.Kd1 Rbd8 34.Rd3 Nh5 35.Kc2 f4
36.Rg1 Rxd3 37.Kxd3 Kf6 38.gxf4 Nxf4+ 39.Kxe3 Rxh2 40.Rd1 Ke5 41.Rd8 Ng2+
42.Kd2 Nh4 43.Kc3 Nf5 44.Rd5+ Kf4 45.Bd3 Ne3 46.Rd4+ Kg3 47.Rd6 Kf4 48.Kb4 Ke5
49.Rg6 Nd5+ 50.Kb5 Rg2 51.Bc4 Kf5 52.Rd6 Nc3+ 53.Kxb6 Nxe2 54.Rd2  1-0

[Event "38th Olympiad w"]
[Site "Dresden GER"]
[Date "2008.11.14"]
[Round "2"]
[White "Danielian,E"]
[Black "Jackova,J"]
[Result "1-0"]
[WhiteElo "2513"]
[BlackElo "2360"]

1.Nf3 Nf6 2.g3 b6 3.Bg2 Bb7 4.O-O g6 5.c4 c5 6.Nc3 Bg7 7.d4 cxd4 8.Qxd4 O-O
9.Qh4 Re8 10.Rd1 d6 11.Bh6 Bh8 12.Rac1 Nbd7 13.b3 a6 14.Bh3 Bxf3 15.exf3 Rb8
16.Be3 Qc7 17.Nd5 Nxd5 18.cxd5 Qb7 19.Bxd7 Qxd7 20.Rc6 b5 21.Rdc1 Bf6 22.Qe4 b4
23.Rxa6 Qb5 24.Rac6 Qa5 25.R1c2 Kg7 26.Bd4 e5 27.Be3 Red8 28.Rc7 Qb5 29.R2c4 Re8
30.Kg2 Bd8 31.Ra7 Ba5 32.Qh4 Bd8 33.Rxf7+ Kxf7 34.Qxh7+ Kf6 35.Bg5+ Kf5 36.Qf7+  1-0

[Event "21st Belgrade Trophy"]
[Site "Obrenovac SRB"]
[Date "2008.11.28"]
[Round "2"]
[White "Djordjev,B"]
[Black "Sarenac,I"]
[Result "1/2-1/2"]
[WhiteElo "2117"]
[BlackElo "2286"]

1.Nf3 Nf6 2.c4 b6 3.g3 Bb7 4.Bg2 c5 5.O-O g6 6.Nc3 Bg7 7.Re1 O-O 8.e4 d6
9.d4 cxd4 10.Nxd4 Qc8 11.b3 Nc6 12.Be3 Qd7 13.Nxc6 Bxc6 14.e5 Bxg2 15.Kxg2 Qb7+
16.Kg1 Nd7 17.Qd5 Qxd5 18.Nxd5 Nxe5 19.Nxe7+ Kh8 20.Red1 Nf3+ 21.Kg2 Bxa1
22.Rxa1 Ne5 23.f4 Nd7 24.Rd1 Rae8 25.Nd5 f6 26.Kf3 Nc5 27.g4 Ne6 28.Bc1 Ng7
29.Bb2 Re6 30.Nc7 Re7 31.Nd5 Re6 32.Nc7 Re7 33.Nd5 Ref7 34.Ba3 Rd8 35.Bb2 Rdf8
36.Ba3 Ne8 37.Re1 Rd7 38.Bb2 Rdf7 39.Re6 Kg8 40.Ne7+ Kg7 41.g5 h6 42.Nd5 hxg5
43.fxg5 Kg8 44.Nxf6+ Nxf6 45.gxf6 Rd7 46.Re4 d5 47.cxd5 Rxd5 48.Re7 Rc8  1/2-1/2

[Event "Bundesliga 2008-9"]
[Site "Baden Baden GER"]
[Date "2008.11.30"]
[Round "6"]
[White "Medvegy,Z"]
[Black "Berndt,S"]
[Result "1/2-1/2"]
[WhiteElo "2556"]
[BlackElo "2440"]

1.Nf3 Nf6 2.c4 b6 3.g3 c5 4.Bg2 Bb7 5.O-O g6 6.Nc3 Bg7 7.d4 cxd4 8.Qxd4 d6
9.Rd1 Nbd7 10.Be3 Rc8 11.Rac1 O-O 12.Qh4 a6 13.b3 Rc7 14.Bh3 Qb8 15.g4 Bxf3
16.exf3 b5 17.g5 Ne5 18.Bg2 Nfd7 19.Ne2 b4 20.Bd4 Nc5 21.Rc2 f6 22.f4 fxg5
23.fxg5 Nf3+ 24.Bxf3 Rxf3 25.Bxg7 Kxg7 26.Qd4+ Kg8 27.Nf4 Qb7 28.Nd5 Rf5
29.h4 Rd7 30.Re2 a5 31.Rde1 e5 32.Rxe5 dxe5 33.Qxc5 Rdf7 34.Nf6+ R7xf6 35.gxf6 Qf3
36.Qe3 Qc6 37.f7+ Kxf7 38.Qa7+ Kg8 39.Qb8+ Kg7 40.Rxe5 Qf3 41.Rxf5 Qxf5 42.Qc7+ Kh6
43.c5 Qb1+ 44.Kg2 Qe4+ 45.Kg3 Qd3+ 46.f3 Qc3 47.Qe7 Qd4 48.Qd6 Qg1+ 49.Kf4 Qh2+
50.Ke4 Qxa2 51.c6 Qc2+ 52.Ke5 a4 53.Qf8+ Kh5 54.bxa4 b3 55.Qe7 Qe2+ 56.Kf6 Qxe7+
57.Kxe7 b2 58.c7 b1=Q 59.c8=Q Qb4+ 60.Kf7 Qxa4 61.Kg7 Qxh4  1/2-1/2

[Event "Scaccomatto Open"]
[Site "Torino ITA"]
[Date "2008.12.06"]
[Round "6"]
[White "Foisor,C"]
[Black "Skembris,S"]
[Result "1-0"]
[WhiteElo "2365"]
[BlackElo "2422"]

1.Nf3 Nf6 2.g3 b6 3.Bg2 Bb7 4.O-O c5 5.c4 g6 6.b3 Bg7 7.Bb2 O-O 8.d3 Nc6
9.Nbd2 Qc7 10.a3 a6 11.Qc2 Rfe8 12.e3 Rad8 13.Rac1 e5 14.Ne4 d6 15.Nfd2 Nd7
16.Nc3 Ne7 17.Nd5 Nxd5 18.cxd5 f5 19.e4 Rf8 20.Rce1 f4 21.Bh3 h6 22.Be6+ Kh7
23.Nf3 Qb8 24.Qd1 Bc8 25.Nh4 Rf6 26.gxf4 Rxf4 27.Ng2 Rf6 28.f4 Nf8 29.f5 gxf5
30.exf5 Bb7 31.Ne3 Qa8 32.Ng4 Bxd5 33.Nxf6+ Bxf6 34.Qh5 Qb7 35.Bxd5 Qxd5
36.Bc1 Kh8 37.Bxh6 Nh7 38.Rf3 Qxb3 39.Rg3 Rg8 40.Re4 Qb1+ 41.Kg2 Qa2+ 42.Kh3 Rd8
43.Reg4 Qf2 44.Rg8+ Rxg8 45.Rxg8+ Kxg8 46.Qe8+ Nf8 47.Qxf8+ Kh7 48.Qf7+  1-0

[Event "XVIII Magistral"]
[Site "Elgoibar ESP"]
[Date "2008.12.14"]
[Round "4"]
[White "Paunovic,D"]
[Black "Cruz,Cr"]
[Result "1/2-1/2"]
[WhiteElo "2532"]
[BlackElo "2534"]

1.Nf3 Nf6 2.g3 b6 3.Bg2 Bb7 4.c4 c5 5.O-O g6 6.d4 cxd4 7.Qxd4 Bg7 8.Nc3 d6
9.Rd1 Nbd7 10.Be3 Rc8 11.Rac1 O-O 12.Qh4 a6 13.b3 Rc7 14.Bh3 Qb8 15.Bh6 Bxh6
16.Qxh6 Bxf3 17.exf3 b5 18.Bxd7 Rxd7 19.Nd5 Nxd5 20.cxd5 Rc8 21.Qe3 Rdc7
22.Rc6 Rxc6 23.dxc6 Rxc6 24.Qxe7 Qb6 25.Rd2 Qc5 26.Kg2 Kg7 27.h4 Qe5 28.Qb7 Rc1
29.Qe4 Qa1 30.f4 Rg1+ 31.Kh2 Rd1 32.Qd5 Rxd2 33.Qxd2 Qf6 34.a4 bxa4 35.bxa4 Qe6
36.Qd4+ Kg8 37.Kg2 h5 38.a5 d5 39.Qe5 Kf8 40.Qb8+ Ke7 41.Qa7+ Kf6 42.Qd4+ Ke7
43.Qa7+ Kf6 44.Qd4+ Ke7  1/2-1/2

[Event "8th Amplico AIG Life Rapid"]
[Site "Warsaw POL"]
[Date "2008.12.21"]
[Round "13"]
[White "Stangl,M"]
[Black "Azarova,N"]
[Result "1-0"]
[WhiteElo "2458"]
[BlackElo "2308"]

1.Nf3 Nf6 2.c4 b6 3.g3 c5 4.Bg2 Bb7 5.O-O g6 6.d4 cxd4 7.Qxd4 Bg7 8.Qh4 h6
9.Nc3 Qc8 10.Rd1 Nc6 11.Qf4 d6 12.Rb1 O-O 13.h3 Qc7 14.b3 Rad8 15.Bb2 Qb8
16.Rbc1 Nd7 17.Qd2 Rfe8 18.Nd5 e6 19.Bxg7 Kxg7 20.Qb2+ f6 21.Nf4 e5 22.Nd5 Nc5
23.b4 Ne6 24.e3 Ba8 25.Nh4 Qb7 26.b5 Ne7 27.Nxf6 Qc7 28.Nxe8+ Rxe8 29.f4 Qc5
30.Rd3 Bxg2 31.Kxg2 Kh7 32.Qa3 Qc7 33.Qxd6 Qb7+ 34.Kh2 Nc5 35.Rd2 exf4 36.exf4 Ne4
37.Qd7 Qa8 38.Re2  1-0

[Event "38th Rilton Cup 2008-9"]
[Site "Stockholm SWE"]
[Date "2009.01.02"]
[Round "6"]
[White "Maki Uuro,Mi"]
[Black "Marklund,N"]
[Result "1-0"]
[WhiteElo "2382"]
[BlackElo "2162"]

1.Nf3 Nf6 2.c4 b6 3.g3 c5 4.Bg2 Bb7 5.O-O g6 6.Nc3 Bg7 7.Re1 d6 8.e4 O-O
9.d4 Nc6 10.d5 Na5 11.Bf1 Ba6 12.Nb5 Bc8 13.h3 a6 14.Nc3 e6 15.a4 Re8 16.Bf4 exd5
17.cxd5 Nh5 18.Bg5 Bf6 19.Bd2 Ng7 20.Qc2 Bd7 21.Rad1 h5 22.Bf4 Qe7 23.e5 dxe5
24.d6 Bf5 25.Bd3 Qe6 26.Bxe5 Rad8 27.Bf4 Bxd3 28.Qxd3 Qxh3 29.Nd5 Rxe1+ 30.Rxe1 Bxb2
31.Qxa6 Ne6 32.Be5 Bxe5 33.Nxe5 Rxd6 34.Nf6+ Kh8 35.Nxf7+ Kg7 36.Nxd6 Nd4
37.Qa7+  1-0

[Event "Bundesliga 2008-9"]
[Site "Berlin GER"]
[Date "2009.02.01"]
[Round "11"]
[White "Tereick,B"]
[Black "Berndt,S"]
[Result "1-0"]
[WhiteElo "2356"]
[BlackElo "2440"]

1.Nf3 Nf6 2.g3 b6 3.Bg2 Bb7 4.c4 c5 5.O-O g6 6.b3 Bg7 7.Bb2 O-O 8.d4 cxd4
9.Qxd4 d6 10.Rd1 Nbd7 11.Ne1 Qb8 12.Nc3 Ne4 13.Qe3 Nxc3 14.Bxc3 Bxc3 15.Qxc3 b5
16.Bh3 Bc6 17.Nc2 Qb7 18.Nd4 Rad8 19.cxb5 Bxb5 20.Qb4 Ba6 21.Qxb7 Bxb7 22.Rac1 Nc5
23.b4 Na6 24.a3 Rb8 25.Nc6 Bxc6 26.Rxc6 Rb6 27.Rdc1 Rfb8 28.Bc8 Nc5 29.Rc7 Nb3
30.Rd1 a5 31.Rd3 a4 32.Bd7 Ra6 33.Bc6 Rxb4 34.axb4 a3 35.Rd1 a2 36.b5 a1=Q
37.Rxa1 Rxa1+ 38.Kg2 Nd4 39.Rxe7 Nxc6 40.bxc6 Rc1 41.Rc7 h5 42.Kf3 Kg7 43.h4 Kf6
44.e4 Rc3+ 45.Ke2 Ke6 46.Rc8 Ke7 47.Kd2 Rc5 48.f3 Ke6 49.c7 Kf6 50.Kd3 Ke7
51.Kd4 Rc1 52.g4 Rc2 53.gxh5 gxh5 54.Ke3 Kf6 55.Kf4 Rc5 56.Rd8 Rxc7 57.Rxd6+ Kg7
58.Kg5 Rc3 59.Rf6 Rc1 60.Rf5 Rg1+ 61.Kxh5 f6 62.e5  1-0

[Event "7th Gibtelecom Masters"]
[Site "Caleta ENG"]
[Date "2009.02.01"]
[Round "6"]
[White "Carlhammar,M"]
[Black "Erdelyi,T"]
[Result "1-0"]
[WhiteElo "2350"]
[BlackElo "2152"]

1.Nf3 c5 2.c4 b6 3.g3 Bb7 4.Bg2 Nf6 5.O-O g6 6.Nc3 Bg7 7.d4 cxd4 8.Qxd4 d6
9.Rd1 Nbd7 10.Be3 Rc8 11.Rac1 O-O 12.Qh4 Bxf3 13.exf3 Re8 14.b3 Qc7 15.f4 Qb8
16.g4 Nc5 17.g5 Nfd7 18.Qh3 Nf8 19.f5 Ncd7 20.Ne4 gxf5 21.Qxf5 a6 22.Ng3 b5
23.Qe4 Nc5 24.Qg4 Ng6 25.Nf5 Ne5 26.Qh5 bxc4 27.Nxg7 Kxg7 28.Bd4 Kg8 29.bxc4 Ng6
30.Qh6 e5 31.Bxc5 Rxc5 32.Bd5 Re7 33.Rc3 Qc8 34.Rb1 Nf4 35.Rcb3 Qg4+ 36.Rg3 Ne2+
37.Kg2 Nxg3 38.hxg3 Qf5 39.Rb3 e4 40.Qxd6 Rec7 41.Qxa6 Qxg5 42.Rb8+ Kg7 43.Qa8 Qe7
44.Rg8+ Kf6 45.Re8 Qd6 46.Rxe4 Rc8 47.Qb7  1-0

[Event "7th Gibtelecom Masters"]
[Site "Caleta ENG"]
[Date "2009.02.03"]
[Round "8"]
[White "Jessel,S"]
[Black "Nemeth,Mi1"]
[Result "1/2-1/2"]
[WhiteElo "2296"]
[BlackElo "2472"]

1.Nf3 Nf6 2.c4 b6 3.g3 Bb7 4.Bg2 c5 5.O-O g6 6.b3 Bg7 7.Bb2 O-O 8.Nc3 d6
9.e3 Nbd7 10.d4 cxd4 11.exd4 a6 12.Re1 Rc8 13.a4 Re8 14.Qd2 e6 15.a5 bxa5
16.Ne2 d5 17.Ne5 Qb6 18.c5 Qa7 19.Nxd7 Nxd7 20.Rxa5 e5 21.b4 Qb8 22.Rd1 Qc7
23.dxe5 Nxe5 24.Bxe5 Rxe5 25.Nd4 Rce8 26.c6 Bc8 27.h3 Qb6 28.Kh2 Rh5 29.Rxd5 Rxd5
30.Bxd5 Rd8 31.Nc2 Be6 32.Ne3 Bh6  1/2-1/2

[Event "ITT IEP"]
[Site "Curitiba BRA"]
[Date "2009.02.06"]
[Round "6"]
[White "Choma,E"]
[Black "Giardelli,S"]
[Result "0-1"]
[WhiteElo "2281"]
[BlackElo "2378"]

1.Nf3 Nf6 2.c4 c5 3.g3 b6 4.Bg2 Bb7 5.O-O g6 6.d4 cxd4 7.Qxd4 Bg7 8.Nc3 d6
9.Rd1 Nbd7 10.Be3 Rc8 11.Rac1 O-O 12.Qh4 Re8 13.b3 a6 14.Bh3 Rb8 15.Bh6 Bxf3
16.exf3 b5 17.Bxg7 Kxg7 18.cxb5 axb5 19.b4 Ne5 20.Bg2 Qb6 21.Ne4 Rec8 22.Qf4 Rc4
23.a3 Rbc8 24.Rxc4 Rxc4 25.Bf1 Nxe4 26.fxe4 Rc3 27.Rd5 Rf3 28.Qd2 Rxg3+ 29.hxg3 Nf3+
30.Kg2 Nxd2 31.Rxd2 Qc6 32.f3 f5 33.Rd5 Qc2+ 34.Kg1 fxe4 35.fxe4 Qxe4 36.Rxb5 Qe3+
37.Kh2 Qxa3 38.Rb7 Kf6 39.b5 Qc5 40.b6 d5 41.Rb8 Kg5 42.Rd8 Qxb6 43.Rxd5+ Kf6
44.Rd2 h5 45.Re2 g5 46.Bg2 Qd4  0-1

[Event "80th ch-GER"]
[Site "Saarbruecken GER"]
[Date "2009.02.10"]
[Round "5"]
[White "Hausrath,D"]
[Black "Bischoff,K"]
[Result "1/2-1/2"]
[WhiteElo "2493"]
[BlackElo "2545"]

1.Nf3 Nf6 2.g3 b6 3.Bg2 Bb7 4.O-O c5 5.c4 g6 6.b3 Bg7 7.Bb2 O-O 8.Nc3 d6
9.d4 cxd4 10.Nxd4 Bxg2 11.Kxg2 Qc7 12.e3 Qb7+ 13.Qf3 Qxf3+ 14.Kxf3 Rc8  1/2-1/2

[Event "2nd Pfalz Open"]
[Site "Neustadt an der Weinstrasse GER"]
[Date "2009.02.17"]
[Round "4"]
[White "Vasilkova,S"]
[Black "Gharamian,T"]
[Result "0-1"]
[WhiteElo "2371"]
[BlackElo "2581"]

1.Nf3 c5 2.c4 Nf6 3.g3 b6 4.Bg2 Bb7 5.O-O g6 6.Nc3 Bg7 7.d4 cxd4 8.Qxd4 d6
9.Qh4 h6 10.Rd1 Nbd7 11.Be3 Rc8 12.Rac1 g5 13.Qd4 O-O 14.Qd3 Bxf3 15.exf3 Ne5
16.Qe2 Nxc4 17.f4 Nxe3 18.Qxe3 gxf4 19.Qxf4 Qd7 20.Rd3 Qg4 21.Qd2 Qg5 22.Qe1 d5
23.Rcd1 e6 24.f4 Qf5 25.Qe2 Rc5 26.Rf1 Rfc8 27.Rd2 Rc4 28.Nd1 d4 29.Nf2 Rc2
30.Rfd1 Rxd2 31.Qxd2 Qc2 32.Bf3 Ne8 33.Be4 Qxd2 34.Rxd2 Nd6 35.Bd3 Kf8 36.b3 Rc1+
37.Rd1 Rc3 38.Kf1 Ke7 39.Ke2 Rc8 40.Kd2 f5 41.Re1 Kd7 42.Rg1 Bf6 43.Re1 Be7
44.Rd1 e5 45.fxe5 Bg5+ 46.Ke2 Re8 47.Kf3 Rxe5 48.g4 Re3+ 49.Kg2 f4 50.Bf5+ Nxf5
51.gxf5 Kd6 52.Rxd4+ Ke5 53.Rd7 Re2 54.Kf3 Rxa2 55.Rf7 Ra3 56.Nd3+ Kd6 57.Ke4 a5
58.Nxf4 Rxb3 59.Ne6 Rb4+ 60.Kd3 Ke5 61.Nf8 Rd4+ 62.Kc3 Rd6 63.Ng6+ Ke4 64.h4 Bf6+
65.Kc4 Kxf5 66.h5 Kg5  0-1

[Event "69th Noteboom Mem GpA"]
[Site "Leiden NED"]
[Date "2009.02.22"]
[Round "5"]
[White "Wantola,I"]
[Black "Nikolic,Pr"]
[Result "1/2-1/2"]
[WhiteElo "2300"]
[BlackElo "2623"]

1.Nf3 Nf6 2.c4 b6 3.g3 c5 4.Bg2 Bb7 5.O-O g6 6.Nc3 Bg7 7.d4 cxd4 8.Qxd4 d6
9.Rd1 Nbd7 10.Be3 Rc8 11.Rac1 O-O 12.Qh4 Re8 13.b3 a6 14.Ne1 Rc7 15.Bh6 Bxh6
16.Qxh6 Bxg2 17.Nxg2 Qa8 18.Ne3 b5 19.Ncd5 Rc6 20.Rd4 Nxd5 21.Nxd5 bxc4 22.Rh4 Nf8
23.bxc4 Qd8 24.Qf4 Rc8 25.Rc3 Rb8 26.Rf3 f5 27.Qg5 Kh8 28.Nf4 Kg8 29.Nd5 Ne6
30.Qh6 Nf8 31.Qg5 Ne6 32.Qh6 Nf8 33.Qg5  1/2-1/2

[Event "25th Open"]
[Site "Cappelle la Grande FRA"]
[Date "2009.03.05"]
[Round "7"]
[White "Friedel,J"]
[Black "Gopal,G"]
[Result "1/2-1/2"]
[WhiteElo "2511"]
[BlackElo "2555"]

1.Nf3 c5 2.c4 Nf6 3.g3 b6 4.Bg2 Bb7 5.O-O g6 6.Nc3 Bg7 7.d4 Ne4 8.d5 Nxc3
9.bxc3 O-O 10.Qd3 e5 11.e4 d6 12.Ng5 h6 13.Nh3 Nd7 14.f4 exf4 15.gxf4 Qh4
16.Bd2 Rae8 17.Rae1 Bc8 18.Re3 Nf6 19.Be1 Qg4 20.Bg3 Qd7 21.e5 dxe5 22.fxe5 Ng4
23.e6 fxe6 24.Rxf8+ Rxf8 25.Rxe6 Qf7 26.Qe2 h5 27.Nf4 Bxe6 28.dxe6 Qf6 29.Bd5 Kh7
30.Be4 Ne5 31.e7 Re8 32.Qxh5+ Bh6 33.Nd5 Qg5 34.Qxg5 Bxg5 35.Bxe5 Bxe7 36.Bd3 Bg5
37.Bf6 Kh6 38.Bxg5+ Kxg5 39.Kf2 Re6 40.a4 Re8 41.h3 Re6 42.Be2 Re8 43.Bf3 Kh4
44.Bg4 Kg5 45.Ne3 Kf4 46.Nd5+ Kg5 47.Ne3 Kf4 48.Ng2+ Kg5 49.Kf3 Re7 50.Bc8 Re8
51.Bb7 Rf8+ 52.Ke2 Rh8 53.h4+ Kg4 54.Be4 Re8 55.Ke3 Kg3 56.Nf4 Kxh4 57.Nxg6+ Kg5
58.Nf4 Rh8 59.Nd5 Rh3+ 60.Kd2 Rh2+ 61.Kc1 Rf2 62.Bd3 Kh6 63.Ne7 Kg7 64.Nc6 Rf7
65.Kb2 Kf6 66.Be4 a5 67.Bd5 Rh7 68.Nd8 Re7 69.Kb3 Rd7 70.Ne6 Ke5 71.Ng5 Kd6
72.Ne4+ Ke5 73.Nd2 Rg7 74.Bc6 Kd6 75.Bb5 Re7 76.Kc2 Re3 77.Nb3 Rg3 78.Nc1 Re3
79.Kd2 Rh3 80.Nd3 Rf3 81.Ke2 Rh3 82.Nf4 Rh6 83.Nd5 Ke5 84.Kf3 Rg6 85.Be8 Rh6
86.Kg4 Re6 87.Bb5 Rg6+ 88.Kh5 Rd6 89.Kg5 Re6 90.Bd7 Rd6 91.Be8 Re6 92.Bb5 Rd6
93.Nc7 Rd8 94.Kg6 Kd6 95.Nd5 Rb8 96.Kf6 Rb7 97.Ne3 Rb8 98.Nf5+ Kc7 99.Ke6 Rh8
100.Ne7 Rh6+ 101.Kf7 Rh7+ 102.Kf8 Rh8+ 103.Kg7 Rb8 104.Kf7 Kd6 105.Nd5 Rb7+
106.Kf6 Rb8 107.Kf7 Rb7+ 108.Kf8 Rb8+ 109.Kg7 Rb7+ 110.Kf6  1/2-1/2

[Event "25th Open"]
[Site "Cappelle la Grande FRA"]
[Date "2009.03.07"]
[Round "9"]
[White "Hammer,J"]
[Black "Gopal,G"]
[Result "1/2-1/2"]
[WhiteElo "2532"]
[BlackElo "2555"]

1.Nf3 c5 2.c4 Nf6 3.g3 b6 4.Bg2 Bb7 5.O-O g6 6.d4 cxd4 7.Qxd4 Bg7 8.Nc3 d6
9.Rd1 Nbd7 10.b3 O-O 11.Qh4 Rc8 12.Bh6 a6 13.a4 Nc5 14.Rab1 Nce4 15.Nxe4 Bxe4
16.Rbc1 Rc5 17.Ng5 Bxg2 18.Kxg2 Qa8+ 19.Kg1 Rfc8 20.Rd4 Bh8 21.b4 R5c7 22.Rcd1 Qc6
23.b5 axb5 24.cxb5 Qc2 25.R4d2 Qf5 26.e4 Qg4 27.h3 Qxh4 28.gxh4 Nd7 29.Nf3 Rc4
30.Nd4 Rxa4 31.Nc6 Rxe4 32.f3 Re6 33.Ra2 Bf6 34.Ra7 Nc5 35.Bg5 Bxg5 36.hxg5 Kf8
37.Kf2 Nb3 38.Ra6 Na5 39.Rxb6 Nxc6 40.Rxc6 Rb8 41.b6 Re5 42.Rb1 Ke8 43.h4 Kd8
44.b7 Kd7 45.Rcb6 Ra5 46.Kg3 e6 47.Rd1 Rd5 48.Rc1 Rc5 49.Rd1 Rc6 50.Rb4 Rc7
51.Rdb1 Rc5 52.Rb6 Rc6 53.R6b4 Rc5 54.Rb6 Kc7 55.R6b4 Kd7  1/2-1/2

[Event "10th EICC"]
[Site "Budva MNE"]
[Date "2009.03.15"]
[Round "9"]
[White "Maletin,P"]
[Black "Azarov,S"]
[Result "0-1"]
[WhiteElo "2557"]
[BlackElo "2600"]

1.Nf3 Nf6 2.g3 b6 3.Bg2 Bb7 4.O-O c5 5.c4 g6 6.Nc3 Bg7 7.d4 cxd4 8.Qxd4 Nc6
9.Qf4 Rc8 10.b3 O-O 11.Bb2 d6 12.Qd2 Nb8 13.Ne1 Bxg2 14.Nxg2 a6 15.Nd5 Ne4
16.Qc2 Bxb2 17.Qxb2 e6 18.Nde3 Nc6 19.Nf4 Qf6 20.Qc2 Nc5 21.Rad1 Qe7 22.h4 f5
23.a3 Ne4 24.b4 Qf6 25.Kg2 Qe7 26.Qb3 Kf7 27.Nc2 Nf6 28.e3 h6 29.Nd4 Nxd4
30.exd4 g5 31.hxg5 hxg5 32.Nd3 Rh8 33.c5 Ng4 34.cxd6 Qxd6 35.d5 Qxd5+ 36.Qxd5 exd5
37.Rfe1 Rh2+ 38.Kg1 Rch8 39.Rc1 Rh1+ 40.Kg2 Rxe1 41.Rxe1 d4 42.Rc1 Ke6 43.b5 a5
44.Kf3 Ne5+ 45.Nxe5 Kxe5 46.Rc6 Rd8 47.Ke2 Rd6 48.Rc8 d3+ 49.Kd2 g4 50.Rc4 Rd5
51.a4 Rd4 52.Rc6 Rxa4 53.Kxd3 Rd4+ 54.Kc3 Rd6 55.Rc8 Rd5 56.Kc4 Rd4+ 57.Kc3 Re4
58.Re8+ Kf6 59.Rf8+ Kg6 60.Rb8  0-1

[Event "47th Doeberl Cup Premier"]
[Site "Canberra AUS"]
[Date "2009.04.11"]
[Round "5"]
[White "Morris,J"]
[Black "West,G"]
[Result "0-1"]
[WhiteElo "2114"]
[BlackElo "2343"]

1.Nf3 c5 2.c4 Nf6 3.g3 b6 4.Bg2 Bb7 5.O-O g6 6.Nc3 Bg7 7.d4 cxd4 8.Qxd4 Nc6
9.Qh4 h6 10.g4 Na5 11.Rd1 Rc8 12.b3 Ne4 13.Nxe4 Bxa1 14.Nd4 Bxe4 15.Bxe4 Bxd4
16.Rxd4 e5 17.Qg3 Qc7 18.Rd5 d6 19.Ba3 Nb7 20.Rxe5+ dxe5 21.Bxb7 f6 22.Qf3 Kf7
23.Qd5+ Kg7 24.Bxc8 Qxc8 25.Qd6 Qxg4+ 26.Kf1 g5 27.Qc7+ Kg6 28.Be7 Qe6  0-1

[Event "ch-SRB"]
[Site "Kragujevac SRB"]
[Date "2009.04.13"]
[Round "11"]
[White "Bogosavljevic,B"]
[Black "Rajkovic,Du"]
[Result "1-0"]
[WhiteElo "2526"]
[BlackElo "2486"]

1.Nf3 Nf6 2.c4 c5 3.g3 b6 4.Bg2 Bb7 5.O-O g6 6.d4 cxd4 7.Qxd4 Bg7 8.Nc3 d6
9.Be3 Nbd7 10.Rfd1 O-O 11.Qh4 Rc8 12.Rac1 a6 13.b3 Rc7 14.Bh3 Qb8 15.Bg5 Rd8
16.Nd5 Bxd5 17.cxd5 Rxc1 18.Rxc1 Qb7 19.Nd4 Re8 20.Nc6 Nc5 21.Bg2 a5 22.Qc4 b5
23.Qh4 Qc7 24.Qf4 e5 25.Qh4 Nfd7 26.Bd8 Qb7 27.Bxa5 Bf6 28.Qh6 Qa6 29.Rc2 Bg7
30.Qe3 f5 31.b4 Na4 32.Qa7 Qxa7 33.Nxa7 e4 34.Nxb5 Ndb6 35.Nxd6 Ra8 36.e3 Nxd5
37.Nxe4 Rb8 38.Nc5 Nxb4 39.Bxb4 Rxb4 40.Bd5+  1-0

[Event "TCh-NED 2008-9"]
[Site "Netherlands NED"]
[Date "2009.05.10"]
[Round "9"]
[White "Schebler,G"]
[Black "Ernst,S"]
[Result "0-1"]
[WhiteElo "2453"]
[BlackElo "2581"]

1.Nf3 Nf6 2.g3 b6 3.Bg2 Bb7 4.O-O c5 5.c4 g6 6.b3 Bg7 7.Bb2 O-O 8.Nc3 Na6
9.Rc1 e6 10.d4 d5 11.cxd5 Nxd5 12.dxc5 Nxc5 13.Qc2 Rc8 14.Nxd5 Bxd5 15.Qb1 Qe7
16.Rfd1 Rfd8 17.Bxg7 Kxg7 18.Ne5 f6 19.Nd3 Bxg2 20.Kxg2 Qb7+ 21.f3 Nxd3 22.Rxc8 Nf4+
23.gxf4 Qxc8 24.Rc1 Qd7 25.Qe4 Rc8 26.Rxc8 Qxc8 27.a4 Qd7 28.Qc4 a5 29.Kf2 Qd6
30.h3 Kh6 31.Kg2 Kh5 32.Qc1 e5 33.fxe5 Qxe5 34.Qc4 f5 35.Qd3 f4 36.Kf2 Qc5+
37.Kg2 Qe7 38.Qb5+ Qg5+ 39.Qxg5+ Kxg5 40.Kf2 Kf5 41.Ke1 Ke5 42.Kd1  0-1

[Event "27th Liechtenstein Open"]
[Site "Triesen LIE"]
[Date "2009.05.19"]
[Round "5"]
[White "Foisor,C"]
[Black "Illi,HJ"]
[Result "1-0"]
[WhiteElo "2423"]
[BlackElo "2144"]

1.Nf3 Nf6 2.g3 c5 3.Bg2 b6 4.O-O Bb7 5.c4 g6 6.Nc3 Bg7 7.d4 cxd4 8.Qxd4 O-O
9.Qh4 d6 10.Bh6 Nbd7 11.Rac1 Rc8 12.b3 Rc5 13.Bxg7 Kxg7 14.Qd4 Qa8 15.Rfe1 Ne5
16.e4 Nxf3+ 17.Bxf3 Rd8 18.Re3 h5 19.Rce1 Qc8 20.Bd1 Qa8 21.f4 e5 22.Qd2 Re8
23.f5 gxf5 24.Rd3 Nxe4 25.Nxe4 Bxe4 26.Rxe4 Qxe4 27.Bf3 Qxd3 28.Qxd3 e4 29.Qd4+ Kg6
30.Be2 Re6 31.Qh8 f4 32.gxf4 Rf6 33.Kf2 Rxf4+ 34.Ke3 Rh4 35.Qg8+  1-0

[Event "8th Asian Continental Open"]
[Site "Subic Bay PHI"]
[Date "2009.05.21"]
[Round "9"]
[White "Villamayor,B"]
[Black "Wahono,A"]
[Result "1/2-1/2"]
[WhiteElo "2474"]
[BlackElo "2391"]

1.Nf3 c5 2.c4 b6 3.g3 Bb7 4.Bg2 Nf6 5.O-O g6 6.Nc3 Bg7 7.Re1 O-O 8.e4 d6
9.d4 cxd4 10.Nxd4 Nfd7 11.Bg5 h6 12.Be3 a6 13.b3 Nc6 14.Qd2 Kh7 15.Rad1 Rc8
16.f4 Bxd4 17.Bxd4 e5 18.Be3 exf4 19.gxf4 b5 20.Bd4 Nxd4 21.Qxd4 bxc4 22.Qxd6 cxb3
23.Ne2 Nc5 24.axb3 Qxd6 25.Rxd6 Nxb3 26.Rb6 Nc5 27.Rc1 Ba8 28.Bh3 Rc7 29.e5 Rd8
30.Rd6 Rb8 31.Nd4 Be4 32.f5 gxf5 33.Bxf5+ Bxf5 34.Nxf5 Rg8+ 35.Kf1 Rg6 36.Ne3 Rc8
37.Rc4 a5 38.Nd5 Re6 39.Nf6+ Kg6 40.Nd7 Nxd7 41.Rxc8 Nxe5 42.Rd5 a4 43.Ra5 Nd3
44.Rxa4 Re1+ 45.Kg2 Re2+ 46.Kg3 Re3+ 47.Kh4 Ne5 48.Rg8+ Kh7 49.Rg2 Ng6+ 50.Kg4 Kg7
51.h4 Re5 52.Kh3 Rf5 53.Rg3 Kh7 54.Re4 Kg7 55.Rb4 Kh7 56.Re3 Kg7  1/2-1/2